| 000 | 00738nam a2200241 a 4500 | ||
|---|---|---|---|
| 001 | 14328 | ||
| 003 | BD-RjUL | ||
| 005 | 20211208235617.0 | ||
| 008 | 161006s1989 ii a 001 0 eng d | ||
| 020 | _a8170350549 | ||
| 035 | _a(BD-RjUL) | ||
| 040 |
_dCStRLIN _aBD-RjUL _beng _cBD-RjUL |
||
| 041 | _aeng | ||
| 082 | 0 |
_a577.6 _223 _bSAM 1989 |
|
| 100 | 1 |
_aSanthanam, R. _944717 |
|
| 245 | 1 | 0 |
_aA manual of freshwater ecology : _ban aspect of fishery environment / _cby R. Santhanam, P Velayutham, G Jegatheesan |
| 260 |
_aNew Delhi : _bIndia , _cc1989 |
||
| 300 |
_a134p. : _bill. ; _c22 cm. |
||
| 500 | _aInciudes index | ||
| 650 | 0 |
_a Freshwater ecology. _944719 |
|
| 700 | 0 |
_aVelayutham,P. _tJegatheesan, G. _944720 |
|
| 942 |
_2ddc _cBK |
||
| 999 |
_c14328 _d14328 |
||